[Event "Villarobledo Online Qualifyer"]
[Site "playchess.com #155672"]
[Date "2009.05.23"]
[Round "6"]
[White "Tdurden"]
[Black "Eddie"]
[Result "1-0"]
[WhiteElo "2193"]
[BlackElo "1965"]
[PlyCount "55"]
[EventDate "2009.05.23"]
[EventType "swiss (blitz)"]

1. e4 {[%emt 0:00:02]} Nf6 {[%emt 0:00:01]} 2. Nc3 {[%emt 0:00:05]} e5 {[%emt
0:00:01]} 3. Bc4 {[%emt 0:00:09]} Nc6 {[%emt 0:00:02]} 4. Nf3 {[%emt 0:00:06]}
Nxe4 {[%emt 0:00:01]} 5. Nxe4 {[%emt 0:00:09]} d5 {[%emt 0:00:01]} 6. Bb5 {
[%emt 0:00:06]} dxe4 {[%emt 0:00:03]} 7. Nxe5 {[%emt 0:00:03]} Qg5 {[%emt 0:00:
13]} 8. Nxc6 {[%emt 0:00:11]} Qxb5 {[%emt 0:00:03]} 9. Nd4 {[%emt 0:00:04]} Qe5
{[%emt 0:00:38]} 10. Ne2 {[%emt 0:00:09]} Bg4 {[%emt 0:00:22]} 11. h3 {[%emt 0:
00:08]} Bh5 {[%emt 0:00:01]} 12. g4 {[%emt 0:00:02]} Bg6 {[%emt 0:00:01]} 13.
Ng3 {[%emt 0:00:01]} O-O-O {[%emt 0:00:13]} 14. Qe2 {[%emt 0:00:01]} Bc5 {
[%emt 0:00:40]} 15. d3 {[%emt 0:00:21]} e3 {[%emt 0:01:03]} 16. Bxe3 {[%emt 0:
00:09]} Bxe3 {[%emt 0:00:01]} 17. Qxe3 {[%emt 0:00:05]} Qxb2 {[%emt 0:00:01]}
18. O-O {[%emt 0:00:01]} Kb8 {[%emt 0:00:04]} 19. f4 {[%emt 0:00:11] .} h5 {
[%emt 0:00:03]} 20. f5 {[%emt 0:00:04]} hxg4 {[%emt 0:00:02]} 21. fxg6 {[%emt
0:00:01]} Qxc2 {[%emt 0:00:01]} 22. Rf2 {[%emt 0:00:06]} Qxd3 {[%emt 0:00:04]}
23. Qxd3 {[%emt 0:00:05]} Rxd3 {[%emt 0:00:00]} 24. gxf7 {[%emt 0:00:02]} Rxg3+
{[%emt 0:00:01]} 25. Kf1 {[%emt 0:00:03]} Rf3 {[%emt 0:00:01]} 26. Rxf3 {[%emt
0:00:01]} gxf3 {[%emt 0:00:01]} 27. Re1 {[%emt 0:00:01]} Rf8 {[%emt 0:00:01]}
28. Re8+ {[%emt 0:00:01] Eddie gibt auf} 1-0

[Event "Villarobledo Online Qualifyer"]
[Site "playchess.com #155672"]
[Date "2009.05.23"]
[Round "6"]
[White "The bluff"]
[Black "Byrdmanjr"]
[Result "1-0"]
[WhiteElo "2198"]
[BlackElo "1968"]
[PlyCount "55"]
[EventDate "2009.05.23"]
[EventType "swiss (blitz)"]

1. e4 {[%emt 0:00:00]} e5 {[%emt 0:00:10]} 2. Nf3 {[%emt 0:00:05]} Nc6 {[%emt
0:00:01]} 3. Bc4 {[%emt 0:00:01]} Bc5 {[%emt 0:00:02]} 4. c3 {[%emt 0:00:03]}
Nf6 {[%emt 0:00:01]} 5. d4 {[%emt 0:00:01]} exd4 {[%emt 0:00:04]} 6. cxd4 {
[%emt 0:00:01]} Bb4+ {[%emt 0:00:13]} 7. Bd2 {[%emt 0:00:01]} Nxe4 {[%emt 0:00:
09]} 8. Bxb4 {[%emt 0:00:02]} Nxb4 {[%emt 0:00:01]} 9. Bxf7+ {[%emt 0:00:02]}
Kxf7 {[%emt 0:00:35]} 10. Qb3+ {[%emt 0:00:07]} d5 {[%emt 0:00:03]} 11. Qxb4 {
[%emt 0:00:03]} Re8 {[%emt 0:00:03]} 12. O-O {[%emt 0:00:03]} Kg8 {[%emt 0:00:
12]} 13. Nc3 {[%emt 0:00:02]} Bg4 {[%emt 0:00:04]} 14. Ne5 {[%emt 0:00:02]} Bf5
{[%emt 0:00:09]} 15. Qxb7 {[%emt 0:00:05] The bluff réclame le gain suite à
déconnexion} Be6 {[%emt 0:00:36]} 16. Nxe4 {[%emt 0:00:16]} Rb8 {[%emt 0:00:01]
} 17. Qc6 {[%emt 0:00:06]} Rb6 {[%emt 0:00:03]} 18. Qc2 {[%emt 0:00:14]} Bf5 {
[%emt 0:00:12]} 19. Nf6+ {[%emt 0:00:06]} Rxf6 {[%emt 0:00:08]} 20. Qb3 {[%emt
0:00:08]} Rb6 {[%emt 0:00:05]} 21. Qf3 {[%emt 0:00:17]} Be4 {[%emt 0:00:10]}
22. Qc3 {[%emt 0:00:07]} Qg5 {[%emt 0:00:07]} 23. f3 {[%emt 0:00:03]} Bf5 {
[%emt 0:00:10]} 24. Rae1 {[%emt 0:00:15]} Bh3 {[%emt 0:00:03]} 25. Qc2 {[%emt
0:00:03]} Bf5 {[%emt 0:00:14]} 26. Qxc7 {[%emt 0:00:05]} Rxb2 {[%emt 0:00:03]}
27. Qf7+ {[%emt 0:00:03]} Kh8 {[%emt 0:00:01]} 28. Qxe8# {[%emt 0:00:01]} 1-0

[Event "Villarobledo Online Qualifyer"]
[Site "playchess.com #155672"]
[Date "2009.05.23"]
[Round "6"]
[White "Tojobo"]
[Black "drift"]
[Result "0-1"]
[WhiteElo "1688"]
[BlackElo "1811"]
[PlyCount "132"]
[EventDate "2009.05.23"]
[EventType "swiss (blitz)"]

1. e4 {[%emt 0:00:11]} c5 {[%emt 0:00:05]} 2. Nf3 {[%emt 0:00:02]} d6 {[%emt 0:
00:01]} 3. Nc3 {[%emt 0:00:02]} Nc6 {[%emt 0:00:02]} 4. d4 {[%emt 0:00:04]}
cxd4 {[%emt 0:00:01]} 5. Nxd4 {[%emt 0:00:01]} Nf6 {[%emt 0:00:01]} 6. Be3 {
[%emt 0:00:02]} g6 {[%emt 0:00:01]} 7. f3 {[%emt 0:00:01]} Bg7 {[%emt 0:00:01]}
8. Bb5 {[%emt 0:00:01]} O-O {[%emt 0:00:01]} 9. Nxc6 {[%emt 0:00:08]} bxc6 {
[%emt 0:00:02]} 10. Ba4 {[%emt 0:00:01]} c5 {[%emt 0:00:11]} 11. O-O {[%emt 0:
00:06]} Bd7 {[%emt 0:00:03]} 12. Rb1 {[%emt 0:00:05]} Bxa4 {[%emt 0:00:01]} 13.
Nxa4 {[%emt 0:00:02]} Rb8 {[%emt 0:00:06]} 14. c4 {[%emt 0:00:03]} Nd7 {[%emt
0:00:02]} 15. b3 {[%emt 0:00:02]} Nb6 {[%emt 0:00:04]} 16. Nxb6 {[%emt 0:00:09]
} axb6 {[%emt 0:00:05]} 17. Qd2 {[%emt 0:00:01]} b5 {[%emt 0:00:02]} 18. Bh6 {
[%emt 0:00:05]} bxc4 {[%emt 0:00:01]} 19. Bxg7 {[%emt 0:00:04]} Kxg7 {[%emt 0:
00:02]} 20. Qc3+ {[%emt 0:00:05]} Kg8 {[%emt 0:00:02]} 21. Qxc4 {[%emt 0:00:01]
} Qa5 {[%emt 0:00:02]} 22. a4 {[%emt 0:00:05]} Rb4 {[%emt 0:00:21]} 23. Qe2 {
[%emt 0:00:13]} Rfb8 {[%emt 0:00:03]} 24. Qc2 {[%emt 0:00:03]} Qb6 {[%emt 0:00:
04]} 25. Kh1 {[%emt 0:00:08]} Rxb3 {[%emt 0:00:04]} 26. Rxb3 {[%emt 0:00:01]}
Qxb3 {[%emt 0:00:05]} 27. Qxb3 {[%emt 0:00:04]} Rxb3 {[%emt 0:00:03]} 28. Ra1 {
[%emt 0:00:02]} c4 {[%emt 0:00:02]} 29. h3 {[%emt 0:00:01]} c3 {[%emt 0:00:01]}
30. Kh2 {[%emt 0:00:01]} c2 {[%emt 0:00:02]} 31. Rc1 {[%emt 0:00:02]} Rc3 {
[%emt 0:00:02]} 32. a5 {[%emt 0:00:01]} Kf8 {[%emt 0:00:02]} 33. a6 {[%emt 0:
00:02]} Ra3 {[%emt 0:00:05]} 34. Rxc2 {[%emt 0:00:02]} Rxa6 {[%emt 0:00:01]}
35. f4 {[%emt 0:00:02]} Ke8 {[%emt 0:00:02]} 36. Rc8+ {[%emt 0:00:05]} Kd7 {
[%emt 0:00:01]} 37. Rf8 {[%emt 0:00:04]} Ke6 {[%emt 0:00:02]} 38. Rh8 {[%emt 0:
00:06]} h5 {[%emt 0:00:02]} 39. f5+ {[%emt 0:00:02]} Kf6 {[%emt 0:00:05]} 40.
fxg6 {[%emt 0:00:04]} fxg6 {[%emt 0:00:01]} 41. Rf8+ {[%emt 0:00:05]} Ke5 {
[%emt 0:00:03]} 42. Rf7 {[%emt 0:00:05]} e6 {[%emt 0:00:02]} 43. Rg7 {[%emt 0:
00:03]} Kxe4 {[%emt 0:00:01]} 44. Rxg6 {[%emt 0:00:01]} d5 {[%emt 0:00:01]} 45.
Rg5 {[%emt 0:00:02]} d4 {[%emt 0:00:01]} 46. Rxh5 {[%emt 0:00:01]} d3 {[%emt 0:
00:01]} 47. Rh4+ {[%emt 0:00:01]} Ke3 {[%emt 0:00:01]} 48. Rb4 {[%emt 0:00:04]}
d2 {[%emt 0:00:01]} 49. Rb3+ {[%emt 0:00:04]} Ke2 {[%emt 0:00:02]} 50. Rb1 {
[%emt 0:00:01]} d1=Q {[%emt 0:00:03]} 51. Rxd1 {[%emt 0:00:02]} Kxd1 {[%emt 0:
00:01]} 52. Kg3 {[%emt 0:00:01]} Ra5 {[%emt 0:00:02]} 53. Kg4 {[%emt 0:00:02]}
Ke2 {[%emt 0:00:01]} 54. g3 {[%emt 0:00:01]} Ke3 {[%emt 0:00:01]} 55. h4 {
[%emt 0:00:01]} Ke4 {[%emt 0:00:01]} 56. h5 {[%emt 0:00:01]} Ke5 {[%emt 0:00:
01]} 57. Kg5 {[%emt 0:00:01]} Ra8 {[%emt 0:00:04]} 58. h6 {[%emt 0:00:03]} Kd4
{[%emt 0:00:05]} 59. g4 {[%emt 0:00:03]} e5 {[%emt 0:00:01]} 60. h7 {[%emt 0:
00:02]} e4 {[%emt 0:00:01]} 61. Kg6 {[%emt 0:00:01]} e3 {[%emt 0:00:01]} 62.
Kg7 {[%emt 0:00:01]} e2 {[%emt 0:00:01]} 63. h8=Q {[%emt 0:00:03]} Rxh8 {[%emt
0:00:01]} 64. Kxh8 {[%emt 0:00:01]} e1=Q {[%emt 0:00:02]} 65. g5 {[%emt 0:00:
01]} Qh4+ {[%emt 0:00:01]} 66. Kg8 {[%emt 0:00:02]} Qxg5+ {[%emt 0:00:01]
Tojobo gibt auf} 0-1

[Event "Villarobledo Online Qualifyer"]
[Site "playchess.com #155672"]
[Date "2009.05.23"]
[Round "6"]
[White "Hauberk"]
[Black "TheMaster15"]
[Result "1-0"]
[WhiteElo "2309"]
[BlackElo "2259"]
[PlyCount "65"]
[EventDate "2009.05.23"]
[EventType "swiss (blitz)"]

1. e4 {[%emt 0:00:02]} c5 {[%emt 0:00:01]} 2. Nf3 {[%emt 0:00:02]} Nf6 {[%emt
0:00:01]} 3. e5 {[%emt 0:00:06]} Nd5 {[%emt 0:00:01]} 4. d4 {[%emt 0:00:02]}
cxd4 {[%emt 0:00:01]} 5. Qxd4 {[%emt 0:00:01]} e6 {[%emt 0:00:01]} 6. Bg5 {
[%emt 0:00:06]} Qb6 {[%emt 0:00:16]} 7. Qxb6 {[%emt 0:00:05]} Nxb6 {[%emt 0:00:
01]} 8. Nc3 {[%emt 0:00:01]} d5 {[%emt 0:00:02]} 9. exd6 {[%emt 0:00:06]} Bxd6
{[%emt 0:00:02]} 10. Nb5 {[%emt 0:00:01]} O-O {[%emt 0:01:15]} 11. Nxd6 {[%emt
0:00:03]} f6 {[%emt 0:00:01]} 12. Bd2 {[%emt 0:00:05]} Bd7 {[%emt 0:00:02]} 13.
O-O-O {[%emt 0:00:03]} Bc6 {[%emt 0:00:01]} 14. Bb4 {[%emt 0:00:18]} Rd8 {
[%emt 0:00:08]} 15. Bc4 {[%emt 0:00:04]} Rxd6 {[%emt 0:00:08]} 16. Rxd6 {[%emt
0:00:12]} Nxc4 {[%emt 0:00:01]} 17. Rd8+ {[%emt 0:00:03]} Kf7 {[%emt 0:00:02]}
18. Rf8+ {[%emt 0:00:04]} Kg6 {[%emt 0:00:01]} 19. b3 {[%emt 0:00:02]} Nb6 {
[%emt 0:00:03]} 20. Bd6 {[%emt 0:00:02]} N6d7 {[%emt 0:00:05]} 21. Rd8 {[%emt
0:00:07]} e5 {[%emt 0:00:10]} 22. Rd1 {[%emt 0:00:05]} b6 {[%emt 0:00:12]} 23.
c4 {[%emt 0:00:21]} Na6 {[%emt 0:00:13]} 24. Rxa8 {[%emt 0:00:02]} Bxa8 {[%emt
0:00:00]} 25. b4 {[%emt 0:00:02]} Nab8 {[%emt 0:00:10]} 26. a4 {[%emt 0:00:07]}
Nc6 {[%emt 0:00:02]} 27. Kc2 {[%emt 0:00:05]} e4 {[%emt 0:00:10]} 28. Nd4 {
[%emt 0:00:05]} Nce5 {[%emt 0:00:02]} 29. Kc3 {[%emt 0:00:05]} Ng4 {[%emt 0:00:
04]} 30. f3 {[%emt 0:00:06]} exf3 {[%emt 0:00:03]} 31. gxf3 {[%emt 0:00:01]}
Ne3 {[%emt 0:00:08]} 32. Rg1+ {[%emt 0:00:01]} Kf7 {[%emt 0:00:01]} 33. Re1 {
[%emt 0:00:01] TheMaster15 gibt auf} 1-0

[Event "Villarobledo Online Qualifyer"]
[Site "playchess.com #155672"]
[Date "2009.05.23"]
[Round "6"]
[White "Iluminao"]
[Black "Too Easy"]
[Result "1-0"]
[WhiteElo "2356"]
[BlackElo "1577"]
[PlyCount "81"]
[EventDate "2009.05.23"]
[EventType "swiss (blitz)"]

1. d4 {[%emt 0:00:01]} Nf6 {[%emt 0:00:03]} 2. c4 {[%emt 0:00:01]} g6 {[%emt 0:
00:01]} 3. Nc3 {[%emt 0:00:00]} d5 {[%emt 0:00:01]} 4. e3 {[%emt 0:00:00]} Bg7
{[%emt 0:00:01]} 5. Nf3 {[%emt 0:00:01]} O-O {[%emt 0:00:01]} 6. Be2 {[%emt 0:
00:00]} c5 {[%emt 0:00:01]} 7. O-O {[%emt 0:00:00]} cxd4 {[%emt 0:00:01]} 8.
Nxd4 {[%emt 0:00:02]} dxc4 {[%emt 0:00:01]} 9. Bxc4 {[%emt 0:00:02]} a6 {[%emt
0:00:00]} 10. a4 {[%emt 0:00:02]} Qc7 {[%emt 0:00:02]} 11. Ba2 {[%emt 0:00:02]}
Bg4 {[%emt 0:00:05]} 12. f3 {[%emt 0:00:06]} Bd7 {[%emt 0:00:02]} 13. e4 {
[%emt 0:00:02]} Nc6 {[%emt 0:00:02]} 14. Be3 {[%emt 0:00:01]} Rfd8 {[%emt 0:00:
03]} 15. Qe1 {[%emt 0:00:05]} Rac8 {[%emt 0:00:02]} 16. Rc1 {[%emt 0:00:04]}
Qa5 {[%emt 0:00:01]} 17. Nxc6 {[%emt 0:00:10]} Bxc6 {[%emt 0:00:01]} 18. Qf2 {
[%emt 0:00:10]} Re8 {[%emt 0:00:18]} 19. Bb6 {[%emt 0:00:10]} Qb4 {[%emt 0:00:
01]} 20. Bc5 {[%emt 0:00:10]} Qa5 {[%emt 0:00:03]} 21. b4 {[%emt 0:00:02]} Qc7
{[%emt 0:00:07]} 22. Bb6 {[%emt 0:00:12]} Qe5 {[%emt 0:00:02]} 23. Bd4 {[%emt
0:00:03]} Qh5 {[%emt 0:00:06]} 24. Rfd1 {[%emt 0:00:08]} e5 {[%emt 0:00:06]}
25. Bb6 {[%emt 0:00:06]} Nd7 {[%emt 0:00:07]} 26. b5 {[%emt 0:00:10]} axb5 {
[%emt 0:00:14]} 27. axb5 {[%emt 0:00:02]} Nxb6 {[%emt 0:00:01]} 28. Qxb6 {
[%emt 0:00:06]} Bh6 {[%emt 0:00:27]} 29. bxc6 {[%emt 0:00:11]} Bxc1 {[%emt 0:
00:11]} 30. cxb7 {[%emt 0:00:05]} Rxc3 {[%emt 0:00:09]} 31. b8=Q {[%emt 0:00:
05]} Be3+ {[%emt 0:00:01]} 32. Qxe3 {[%emt 0:00:02]} Rxb8 {[%emt 0:00:05]} 33.
Qxc3 {[%emt 0:00:02]} Qg5 {[%emt 0:00:03]} 34. Bxf7+ {[%emt 0:00:08]} Kg7 {
[%emt 0:00:02]} 35. Bd5 {[%emt 0:00:14]} Rf8 {[%emt 0:00:31]} 36. h3 {[%emt 0:
00:07]} h5 {[%emt 0:00:04]} 37. Qd2 {[%emt 0:00:05]} Qg3 {[%emt 0:00:09]} 38.
Rc1 {[%emt 0:00:09]} Rxf3 {[%emt 0:00:01]} 39. Rc7+ {[%emt 0:00:02]} Kf8 {
[%emt 0:00:05]} 40. Qb4+ {[%emt 0:00:05]} Ke8 {[%emt 0:00:04]} 41. Qb8# {[%emt
0:00:02]} 1-0

[Event "Villarobledo Online Qualifyer"]
[Site "playchess.com #155672"]
[Date "2009.05.23"]
[Round "6"]
[White "BigBee"]
[Black "PertsaPera"]
[Result "1-0"]
[WhiteElo "1783"]
[BlackElo "1478"]
[PlyCount "73"]
[EventDate "2009.05.23"]
[EventType "swiss (blitz)"]

1. d4 {[%emt 0:00:01]} d6 {[%emt 0:00:01]} 2. Nf3 {[%emt 0:00:03]} Bg4 {[%emt
0:00:02]} 3. c4 {[%emt 0:00:03]} Bxf3 {[%emt 0:00:01]} 4. gxf3 {[%emt 0:00:01]}
c6 {[%emt 0:00:01]} 5. e4 {[%emt 0:00:01]} Nd7 {[%emt 0:00:01]} 6. Nc3 {[%emt
0:00:02]} e6 {[%emt 0:00:01]} 7. Be3 {[%emt 0:00:02]} Be7 {[%emt 0:00:02]} 8.
Bd3 {[%emt 0:00:02]} Ngf6 {[%emt 0:00:04]} 9. Qc2 {[%emt 0:00:02]} Qc7 {[%emt
0:00:03]} 10. O-O-O {[%emt 0:00:07]} O-O-O {[%emt 0:00:02]} 11. Kb1 {[%emt 0:
00:02]} Kb8 {[%emt 0:00:09]} 12. h3 {[%emt 0:00:08]} g6 {[%emt 0:00:09]} 13. f4
{[%emt 0:00:03]} c5 {[%emt 0:00:17]} 14. d5 {[%emt 0:00:04]} exd5 {[%emt 0:00:
03]} 15. exd5 {[%emt 0:00:04]} Ne8 {[%emt 0:00:06]} 16. f5 {[%emt 0:00:05]} Ng7
{[%emt 0:00:12]} 17. Bf4 {[%emt 0:00:07]} Nxf5 {[%emt 0:00:05]} 18. Bxf5 {
[%emt 0:00:02]} gxf5 {[%emt 0:00:01]} 19. Nb5 {[%emt 0:00:02]} Qb6 {[%emt 0:00:
13]} 20. Qxf5 {[%emt 0:00:07]} a6 {[%emt 0:00:09]} 21. Nc3 {[%emt 0:00:06]} Bf6
{[%emt 0:00:04]} 22. Rd3 {[%emt 0:00:06]} Ne5 {[%emt 0:00:10]} 23. Bxe5 {[%emt
0:00:04]} Bxe5 {[%emt 0:00:01]} 24. f4 {[%emt 0:00:02]} Bd4 {[%emt 0:00:07]}
25. Rhd1 {[%emt 0:00:10]} h5 {[%emt 0:00:07]} 26. b3 {[%emt 0:00:04]} a5 {
[%emt 0:00:15]} 27. Nb5 {[%emt 0:00:05]} a4 {[%emt 0:00:17]} 28. Nxd4 {[%emt 0:
00:04]} cxd4 {[%emt 0:00:02]} 29. Qf6 {[%emt 0:00:04]} a3 {[%emt 0:00:26]} 30.
Qxd4 {[%emt 0:00:03]} Qa5 {[%emt 0:00:11]} 31. Re3 {[%emt 0:00:08]} Rhg8 {
[%emt 0:00:02]} 32. Qd2 {[%emt 0:00:15]} Qa7 {[%emt 0:00:10]} 33. Re7 {[%emt 0:
00:06]} Rg3 {[%emt 0:00:09]} 34. Rxf7 {[%emt 0:00:07]} Rdg8 {[%emt 0:00:03]}
35. Re1 {[%emt 0:00:15]} Rg2 {[%emt 0:00:06]} 36. Qxg2 {[%emt 0:00:03]} Rxg2 {
[%emt 0:00:02]} 37. Re8# {[%emt 0:00:01]} 1-0

[Event "Villarobledo Online Qualifyer"]
[Site "playchess.com #155672"]
[Date "2009.05.23"]
[Round "6"]
[White "Maguljica"]
[Black "Murri"]
[Result "1-0"]
[WhiteElo "2147"]
[BlackElo "1758"]
[PlyCount "57"]
[EventDate "2009.05.23"]
[EventType "swiss (blitz)"]

1. d4 {[%emt 0:00:02]} d5 {[%emt 0:00:01]} 2. c4 {[%emt 0:00:01]} e6 {[%emt 0:
00:02]} 3. Nc3 {[%emt 0:00:02]} Nf6 {[%emt 0:00:01]} 4. Nf3 {[%emt 0:00:02]}
Be7 {[%emt 0:00:03]} 5. cxd5 {[%emt 0:00:02]} Nxd5 {[%emt 0:00:02]} 6. e4 {
[%emt 0:00:02]} Nf6 {[%emt 0:00:09]} 7. e5 {[%emt 0:00:10]} Nd5 {[%emt 0:00:01]
} 8. Bd3 {[%emt 0:00:03]} b6 {[%emt 0:00:07]} 9. O-O {[%emt 0:00:03]} c5 {
[%emt 0:00:04]} 10. Re1 {[%emt 0:00:07]} Bb7 {[%emt 0:00:02]} 11. Ne4 {[%emt 0:
00:10]} O-O {[%emt 0:00:23]} 12. Bg5 {[%emt 0:00:14]} Bxg5 {[%emt 0:00:27]} 13.
Nfxg5 {[%emt 0:00:19]} h6 {[%emt 0:00:01]} 14. Nd6 {[%emt 0:00:21]} Bc6 {[%emt
0:00:13]} 15. Ngxf7 {[%emt 0:00:15]} Rxf7 {[%emt 0:01:05]} 16. Nxf7 {[%emt 0:
00:00]} Kxf7 {[%emt 0:00:01]} 17. Qh5+ {[%emt 0:00:02]} Kg8 {[%emt 0:00:02]}
18. Qg6 {[%emt 0:00:08]} Nf4 {[%emt 0:00:12]} 19. Qh7+ {[%emt 0:00:04]} Kf7 {
[%emt 0:00:02]} 20. Be4 {[%emt 0:00:10]} Qg8 {[%emt 0:00:18]} 21. Qxg8+ {[%emt
0:00:12]} Kxg8 {[%emt 0:00:01]} 22. dxc5 {[%emt 0:00:05]} bxc5 {[%emt 0:00:05]}
23. Rac1 {[%emt 0:00:01]} Bxe4 {[%emt 0:00:04]} 24. Rxe4 {[%emt 0:00:00]} Nd3 {
[%emt 0:00:04]} 25. Rc3 {[%emt 0:00:10]} Nb4 {[%emt 0:00:11]} 26. Rxc5 {[%emt
0:00:08]} Nxa2 {[%emt 0:00:04]} 27. Rc8+ {[%emt 0:00:02]} Kf7 {[%emt 0:00:01]}
28. Ra4 {[%emt 0:00:07]} Nc1 {[%emt 0:00:02]} 29. Rxc1 {[%emt 0:00:02] Murri
resigns} 1-0

[Event "Villarobledo Online Qualifyer"]
[Site "playchess.com #155672"]
[Date "2009.05.23"]
[Round "6"]
[White "Mtudorache"]
[Black "ZECE"]
[Result "0-1"]
[WhiteElo "1739"]
[BlackElo "2028"]
[PlyCount "50"]
[EventDate "2009.05.23"]
[EventType "swiss (blitz)"]

1. e4 {[%emt 0:00:01]} Nc6 {[%emt 0:00:06]} 2. d4 {[%emt 0:00:06]} d5 {[%emt 0:
00:06]} 3. Nc3 {[%emt 0:00:20]} Nf6 {[%emt 0:00:06]} 4. e5 {[%emt 0:00:07]} Ne4
{[%emt 0:00:04]} 5. Bb5 {[%emt 0:00:06]} g6 {[%emt 0:00:05]} 6. f3 {[%emt 0:00:
06]} Nxc3 {[%emt 0:00:07]} 7. bxc3 {[%emt 0:00:00]} Bd7 {[%emt 0:00:05]} 8. Bd3
{[%emt 0:00:12]} e6 {[%emt 0:00:04]} 9. h4 {[%emt 0:00:05]} Be7 {[%emt 0:00:08]
} 10. g3 {[%emt 0:00:09]} Na5 {[%emt 0:00:08]} 11. Bh6 {[%emt 0:00:06]} c5 {
[%emt 0:00:07]} 12. Nh3 {[%emt 0:00:16]} Nc6 {[%emt 0:00:06]} 13. Be2 {[%emt 0:
00:07]} Qa5 {[%emt 0:00:12]} 14. Bd2 {[%emt 0:00:05]} O-O {[%emt 0:00:04]} 15.
f4 {[%emt 0:00:26]} Qa4 {[%emt 0:00:07]} 16. Be3 {[%emt 0:00:12]} cxd4 {[%emt
0:00:07]} 17. cxd4 {[%emt 0:00:01]} Bb4+ {[%emt 0:00:04]} 18. Kf2 {[%emt 0:00:
01]} Bc3 {[%emt 0:00:06]} 19. Rb1 {[%emt 0:00:04]} Nxd4 {[%emt 0:00:09]} 20.
Rxb7 {[%emt 0:00:14]} Bc6 {[%emt 0:00:10]} 21. Rc7 {[%emt 0:00:20]} Nxe2 {
[%emt 0:00:06]} 22. Qxe2 {[%emt 0:00:03]} d4 {[%emt 0:00:05]} 23. Rb1 {[%emt 0:
00:31]} dxe3+ {[%emt 0:00:06]} 24. Kf1 {[%emt 0:00:04]} Rad8 {[%emt 0:00:10] '}
25. Qxe3 {[%emt 0:00:03]} Qa6+ {[%emt 0:00:05] Tempo} 0-1

[Event "Villarobledo Online Qualifyer"]
[Site "playchess.com #155672"]
[Date "2009.05.23"]
[Round "6"]
[White "retep1"]
[Black "Ol38130"]
[Result "0-1"]
[WhiteElo "1558"]
[BlackElo "1782"]
[PlyCount "90"]
[EventDate "2009.05.23"]
[EventType "swiss (blitz)"]

1. d4 {[%emt 0:00:05]} Nf6 {[%emt 0:00:03]} 2. c4 {[%emt 0:00:01]} g6 {[%emt 0:
00:01]} 3. Nf3 {[%emt 0:00:00]} Bg7 {[%emt 0:00:01]} 4. Nc3 {[%emt 0:00:01]} d6
{[%emt 0:00:00]} 5. e4 {[%emt 0:00:02]} O-O {[%emt 0:00:00]} 6. Be2 {[%emt 0:
00:03]} Nc6 {[%emt 0:00:02]} 7. O-O {[%emt 0:00:04]} e5 {[%emt 0:00:01]} 8. d5
{[%emt 0:00:02]} Ne7 {[%emt 0:00:08]} 9. b4 {[%emt 0:00:01]} Ne8 {[%emt 0:00:
01]} 10. Nd2 {[%emt 0:00:07]} f5 {[%emt 0:00:03]} 11. c5 {[%emt 0:00:00]} a5 {
[%emt 0:00:08]} 12. bxa5 {[%emt 0:00:09]} Rxa5 {[%emt 0:00:18]} 13. cxd6 {
[%emt 0:00:02]} cxd6 {[%emt 0:00:06]} 14. f3 {[%emt 0:00:03]} fxe4 {[%emt 0:00:
08]} 15. fxe4 {[%emt 0:00:03]} Qb6+ {[%emt 0:00:02]} 16. Kh1 {[%emt 0:00:03]}
Rxf1+ {[%emt 0:00:02]} 17. Qxf1 {[%emt 0:00:06]} Qe3 {[%emt 0:00:20]} 18. Qf3 {
[%emt 0:00:10]} Qb6 {[%emt 0:00:18]} 19. a4 {[%emt 0:00:05]} Nf6 {[%emt 0:00:
09]} 20. Nc4 {[%emt 0:00:02]} Qa7 {[%emt 0:00:12]} 21. Nxa5 {[%emt 0:00:02]}
Qxa5 {[%emt 0:00:00]} 22. Bd2 {[%emt 0:00:04]} Bg4 {[%emt 0:00:03]} 23. Qd3 {
[%emt 0:00:04]} Qc7 {[%emt 0:00:15]} 24. h3 {[%emt 0:00:06]} Bd7 {[%emt 0:00:
03] Ol38130 réclame le gain suite à déconnexion} 25. Nb5 {[%emt 0:00:15]} Qb8 {
[%emt 0:00:02]} 26. Rc1 {[%emt 0:00:05]} h6 {[%emt 0:00:06]} 27. Bf3 {[%emt 0:
00:02]} g5 {[%emt 0:00:03] Ol38130 propose la nulle} 28. Qc3 {[%emt 0:00:02]}
Ne8 {[%emt 0:00:02]} 29. Be3 {[%emt 0:00:04]} Ng6 {[%emt 0:00:05]} 30. Kh2 {
[%emt 0:00:04]} Nf4 {[%emt 0:00:01]} 31. Bxf4 {[%emt 0:00:03]} exf4 {[%emt 0:
00:01]} 32. Qb4 {[%emt 0:00:05]} Be5 {[%emt 0:00:01]} 33. a5 {[%emt 0:00:04]}
Nf6 {[%emt 0:00:06]} 34. a6 {[%emt 0:00:02]} bxa6 {[%emt 0:00:02]} 35. Rc7 {
[%emt 0:00:29]} axb5 {[%emt 0:00:08]} 36. Rc3 {[%emt 0:00:09]} h5 {[%emt 0:00:
05]} 37. Rb3 {[%emt 0:00:08]} g4 {[%emt 0:00:03]} 38. hxg4 {[%emt 0:00:03]}
hxg4 {[%emt 0:00:00]} 39. Bd1 {[%emt 0:00:01]} f3+ {[%emt 0:00:01]} 40. Kg1 {
[%emt 0:00:04]} Qb6+ {[%emt 0:00:02]} 41. Kf1 {[%emt 0:00:01]} fxg2+ {[%emt 0:
00:10]} 42. Kxg2 {[%emt 0:00:01]} Kf7 {[%emt 0:00:04]} 43. Rc3 {[%emt 0:00:06]}
Bxc3 {[%emt 0:00:10]} 44. Qxc3 {[%emt 0:00:01]} Qf2+ {[%emt 0:00:00]} 45. Kxf2
{[%emt 0:00:02]} Nxe4+ {[%emt 0:00:02] retep1 gibt auf} 0-1